000 00668nam a2200253Ia 4500
003 OSt
005 20221005031127.0
006 a|||||r|||| 00| 0
007 ta
008 221004b |||||||| |||| 00| 0 eng d
020 _a0745625703
024 _a188
037 _cTextual
040 _aCRL
_cCRL
_beng
041 _2eng
_aeng
082 _aR855v, P3
100 _aBowie Andrew
_981911
245 0 _aTntroduction to German philosophy
_b From kant to habermas
260 _aCambridge
_bPolity Press UK
_c2003
300 _a291p.
_ccm.
650 _aPHILOSOPHY
942 _hR855v, P3
_cTEXL
_2cc
999 _c937236
_d937236